<?xml version="1.0" encoding="UTF-8"?>
<record
    xmlns:xsi="http://www.w3.org/2001/XMLSchema-instance"
    xsi:schemaLocation="http://www.loc.gov/MARC21/slim http://www.loc.gov/standards/marcxml/schema/MARC21slim.xsd"
    xmlns="http://www.loc.gov/MARC21/slim">

  <leader>04655cam a2200541Ia 4500</leader>
  <controlfield tag="001">11634139</controlfield>
  <controlfield tag="003">OSt</controlfield>
  <controlfield tag="005">20211110155828.0</controlfield>
  <controlfield tag="006">m     o  d        </controlfield>
  <controlfield tag="007">cr cn|||||||||</controlfield>
  <controlfield tag="008">120416s2012    enka    ob    001 0 eng d</controlfield>
  <datafield tag="020" ind1=" " ind2=" ">
    <subfield code="a">9780080970165</subfield>
  </datafield>
  <datafield tag="024" ind1="8" ind2=" ">
    <subfield code="a">9786613611154</subfield>
  </datafield>
  <datafield tag="035" ind1=" " ind2=" ">
    <subfield code="a">(OCoLC)ocn785829133</subfield>
  </datafield>
  <datafield tag="035" ind1=" " ind2=" ">
    <subfield code="a">(OCoLC)785829133</subfield>
    <subfield code="z">(OCoLC)824745252</subfield>
    <subfield code="z">(OCoLC)868231791</subfield>
  </datafield>
  <datafield tag="037" ind1=" " ind2=" ">
    <subfield code="a">1106947:10998233</subfield>
    <subfield code="b">Elsevier Science &amp; Technology</subfield>
    <subfield code="n">http://www.sciencedirect.com</subfield>
  </datafield>
  <datafield tag="038" ind1=" " ind2=" ">
    <subfield code="a">Khadija</subfield>
  </datafield>
  <datafield tag="040" ind1=" " ind2=" ">
    <subfield code="a">OPELS</subfield>
    <subfield code="b">eng</subfield>
    <subfield code="e">pn</subfield>
    <subfield code="c">OPELS</subfield>
    <subfield code="d">CDX</subfield>
    <subfield code="d">COO</subfield>
    <subfield code="d">B24X7</subfield>
    <subfield code="d">OCLCQ</subfield>
    <subfield code="d">OCLCF</subfield>
    <subfield code="d">OTZ</subfield>
    <subfield code="d">OCLCO</subfield>
    <subfield code="d">UMI</subfield>
    <subfield code="d">VLB</subfield>
    <subfield code="d">DEBBG</subfield>
    <subfield code="d">DEBSZ</subfield>
    <subfield code="d">OCLCQ</subfield>
  </datafield>
  <datafield tag="049" ind1=" " ind2=" ">
    <subfield code="a">ZCUA</subfield>
  </datafield>
  <datafield tag="050" ind1=" " ind2="4">
    <subfield code="a">TL270</subfield>
    <subfield code="b">.P33 2012</subfield>
  </datafield>
  <datafield tag="082" ind1="0" ind2="4">
    <subfield code="a">629.23</subfield>
    <subfield code="2">23</subfield>
    <subfield code="b">PAC</subfield>
  </datafield>
  <datafield tag="100" ind1="1" ind2=" ">
    <subfield code="a">Pacejka, H. B.</subfield>
    <subfield code="9">83846</subfield>
  </datafield>
  <datafield tag="245" ind1="1" ind2="0">
    <subfield code="a">Tire and vehicle dynamics /</subfield>
    <subfield code="c">Hans B. Pacejka ; contributing author, Igo Besselink.</subfield>
  </datafield>
  <datafield tag="250" ind1=" " ind2=" ">
    <subfield code="a">3rd ed.</subfield>
  </datafield>
  <datafield tag="260" ind1=" " ind2=" ">
    <subfield code="a">Oxford, UK ;</subfield>
    <subfield code="a">Waltham, MA :</subfield>
    <subfield code="b">Butterworth-Heinemann ;</subfield>
    <subfield code="a">[Warrendale, PA] :</subfield>
    <subfield code="b">Distributed in conjunction with SAE International,</subfield>
    <subfield code="c">2012.</subfield>
  </datafield>
  <datafield tag="300" ind1=" " ind2=" ">
    <subfield code="a">1 online resource (xvi, 632 pages) :</subfield>
    <subfield code="b">illustrations</subfield>
  </datafield>
  <datafield tag="504" ind1=" " ind2=" ">
    <subfield code="a">Includes bibliographical references (pages 593-601) and index.</subfield>
  </datafield>
  <datafield tag="505" ind1="0" ind2=" ">
    <subfield code="a">1. Tire characteristics and vehicle handling and stability -- 2. Basic tire modeling considerations -- 3. Theory of steady-state slip force and moment generation -- 4. Semi-empirical tire models -- 5. Non-steady-state out-of-plane string-based tire models -- 6. Theory of the wheel shimmy phenomenon -- 7. Single contact point transient tire models -- 8. Applications of transient tire models -- 9. Short wavelength intermediate frequency tire model -- 10. Dynamic tire response to short road unevennesses -- 11. Motorcycle dynamics -- 12. Tire steady-state and dynamic test facilities -- 13. Outlines of three advanced dynamic tire models.</subfield>
  </datafield>
  <datafield tag="520" ind1=" " ind2=" ">
    <subfield code="a">The definitive book on tire mechanics by the acknowledged world expert Covers everything you need to know about pneumatic tires and their impact on vehicle performance, including mathematic modeling and its practical application Written by the acknowledged world authority on the topic and the name behind the most widely used model, Pacejka's 'Magic Formula' Updated with the latest information on new and evolving tire models to ensure you can select the right model for your needs, apply it appropriately and understand its limitations In this well-known resource, leading tire model expert Hans Pacejka explains the relationship between operational variables, vehicle variables and tire modeling, taking you on a journey through the effective modeling of complex tire and vehicle dynamics problems. Covering the latest developments to Pacejka's own industry-leading model as well as the widely-used models of other pioneers in the field, the book combines theory, guidance, discussion and insight in one comprehensive reference. While the details of individual tire models are available in technical papers published by SAE, FISITA and other automotive organizations, Tire and Vehicle Dynamics remains the only reliable collection of information on the topic and the standard go-to resource for any engineer or researcher working in the area. New edition of the definitive book on tire mechanics, by the acknowledged world authority on the topicCovers everything an automotive engineer needs to know about pneumatic tires and their impact on vehicle performance, including mathematic modelling and its practical applicationMost vehicle manufacturers use what is commonly known as Pacejka's 'Magic Formula', the tire model developed and presented in this book.</subfield>
  </datafield>
  <datafield tag="563" ind1=" " ind2=" ">
    <subfield code="a">Hardcover</subfield>
  </datafield>
  <datafield tag="650" ind1=" " ind2="0">
    <subfield code="a">Tires</subfield>
    <subfield code="x">Performance.</subfield>
    <subfield code="9">83847</subfield>
  </datafield>
  <datafield tag="650" ind1=" " ind2="0">
    <subfield code="a">Motor vehicles</subfield>
    <subfield code="x">Dynamics.</subfield>
    <subfield code="9">10006</subfield>
  </datafield>
  <datafield tag="650" ind1=" " ind2="0">
    <subfield code="a">Motor vehicles</subfield>
    <subfield code="x">Tires.</subfield>
    <subfield code="9">38456</subfield>
  </datafield>
  <datafield tag="650" ind1=" " ind2="0">
    <subfield code="a">Tires</subfield>
    <subfield code="x">Traction.</subfield>
    <subfield code="9">83848</subfield>
  </datafield>
  <datafield tag="650" ind1=" " ind2="4">
    <subfield code="a">Tires</subfield>
    <subfield code="x">Performance.</subfield>
    <subfield code="9">83847</subfield>
  </datafield>
  <datafield tag="650" ind1=" " ind2="4">
    <subfield code="a">Motor vehicles</subfield>
    <subfield code="x">Dynamics.</subfield>
    <subfield code="9">10006</subfield>
  </datafield>
  <datafield tag="650" ind1=" " ind2="4">
    <subfield code="a">Motor vehicles</subfield>
    <subfield code="x">Tires.</subfield>
    <subfield code="9">38456</subfield>
  </datafield>
  <datafield tag="650" ind1=" " ind2="4">
    <subfield code="a">Tires</subfield>
    <subfield code="x">Traction.</subfield>
    <subfield code="9">83848</subfield>
  </datafield>
  <datafield tag="650" ind1=" " ind2="7">
    <subfield code="a">Motor vehicles</subfield>
    <subfield code="x">Dynamics.</subfield>
    <subfield code="2">fast</subfield>
    <subfield code="9">10006</subfield>
  </datafield>
  <datafield tag="650" ind1=" " ind2="7">
    <subfield code="a">Motor vehicles</subfield>
    <subfield code="x">Tires.</subfield>
    <subfield code="2">fast</subfield>
    <subfield code="9">38456</subfield>
  </datafield>
  <datafield tag="650" ind1=" " ind2="7">
    <subfield code="a">Tires</subfield>
    <subfield code="x">Performance.</subfield>
    <subfield code="2">fast</subfield>
    <subfield code="9">83847</subfield>
  </datafield>
  <datafield tag="650" ind1=" " ind2="7">
    <subfield code="a">Tires</subfield>
    <subfield code="x">Traction.</subfield>
    <subfield code="2">fast</subfield>
    <subfield code="9">83848</subfield>
  </datafield>
  <datafield tag="655" ind1=" " ind2="4">
    <subfield code="a">Electronic books.</subfield>
    <subfield code="9">621</subfield>
  </datafield>
  <datafield tag="700" ind1="1" ind2=" ">
    <subfield code="a">Besselink, Igo.</subfield>
    <subfield code="9">83849</subfield>
  </datafield>
  <datafield tag="776" ind1="0" ind2="8">
    <subfield code="i">Print version:</subfield>
    <subfield code="a">Pacejka, H.B.</subfield>
    <subfield code="t">Tire and vehicle dynamics.</subfield>
    <subfield code="b">3rd ed.</subfield>
    <subfield code="d">Oxford, UK ; Waltham, MA : Butterworth-Heinemann ; [Warrendale, PA] : Distributed in conjunction with SAE International, 2012</subfield>
    <subfield code="z">9780080970165</subfield>
    <subfield code="w">(OCoLC)682895894</subfield>
  </datafield>
  <datafield tag="856" ind1="4" ind2="0">
    <subfield code="u">http://www.columbia.edu/cgi-bin/cul/resolve?clio11634139</subfield>
    <subfield code="z">ACADEMIC - Mechanics &amp; Mechanical Engineering</subfield>
  </datafield>
  <datafield tag="942" ind1=" " ind2=" ">
    <subfield code="2">ddc</subfield>
    <subfield code="c">BK</subfield>
  </datafield>
  <datafield tag="999" ind1=" " ind2=" ">
    <subfield code="c">33009</subfield>
    <subfield code="d">33009</subfield>
  </datafield>
  <datafield tag="952" ind1=" " ind2=" ">
    <subfield code="0">0</subfield>
    <subfield code="1">0</subfield>
    <subfield code="2">ddc</subfield>
    <subfield code="4">0</subfield>
    <subfield code="7">0</subfield>
    <subfield code="a">SMME</subfield>
    <subfield code="b">SMME</subfield>
    <subfield code="c">GEN</subfield>
    <subfield code="d">2015-12-17</subfield>
    <subfield code="o">629.23 PAC</subfield>
    <subfield code="p">SMME-2031</subfield>
    <subfield code="r">2018-04-03</subfield>
    <subfield code="w">2015-12-17</subfield>
    <subfield code="y">BK</subfield>
  </datafield>
</record>
